Stuart Little / (Record no. 3137)

MARC details
000 -LEADER
fixed length control field 01196cam a22003371u 4500
001 - CONTROL NUMBER
control field 3137
003 - CONTROL NUMBER IDENTIFIER
control field FISKH
005 - DATE AND TIME OF LATEST TRANSACTION
control field 20240208112732.0
008 - FIXED-LENGTH DATA ELEMENTS--GENERAL INFORMATION
fixed length control field 720510s1945 nyua j 000 1 eng
010 ## - LIBRARY OF CONGRESS CONTROL NUMBER
LC control number 45009585
020 ## - INTERNATIONAL STANDARD BOOK NUMBER
International Standard Book Number 9780141305066
035 ## - SYSTEM CONTROL NUMBER
System control number (OCoLC)305785
040 ## - CATALOGING SOURCE
Original cataloging agency DLC
Language of cataloging eng
Transcribing agency ODaWU
Modifying agency OCoLC
-- DLC
050 00 - LIBRARY OF CONGRESS CALL NUMBER
Classification number PZ10.3.W5845
Item number St
082 ## - DEWEY DECIMAL CLASSIFICATION NUMBER
Classification number 813.52
100 1# - MAIN ENTRY--PERSONAL NAME
Personal name White, E. B.
Fuller form of name (Elwyn Brooks),
Dates associated with a name 1899-1985.
245 10 - TITLE STATEMENT
Title Stuart Little /
Statement of responsibility, etc. E. B. White ; Illustrations by Garth Williams.
250 ## - EDITION STATEMENT
Edition statement This edition published 2000
260 ## - PUBLICATION, DISTRIBUTION, ETC.
Place of publication, distribution, etc. New York :
Name of publisher, distributor, etc. Puffin Books,
Date of publication, distribution, etc. 1945
300 ## - PHYSICAL DESCRIPTION
Extent 131 pages ;
Other physical details illustrations ;
Dimensions 20 cm
500 ## - GENERAL NOTE
General note At head of title: E. B. White.
500 ## - GENERAL NOTE
General note "First edition."
505 ## - FORMATTED CONTENTS NOTE
Formatted contents note Z'<br/>
520 ## - SUMMARY, ETC.
Summary, etc. The adventures of the debonair mouse Stuart Little as he sets out in the world to seek out his dearest friend, a little bird who stayed a few days in his family's garden.
521 8# - TARGET AUDIENCE NOTE
Target audience note 920<br/>
Source Lexile<br/>
521 8# - TARGET AUDIENCE NOTE
Target audience note Z'<br/>
Source Raz-Plus<br/>
650 ## - SUBJECT ADDED ENTRY--TOPICAL TERM
Topical term or geographic name entry element Fantasy
Form subdivision Fiction
General subdivision Children's Literature
Chronological subdivision Mouse
700 ## - ADDED ENTRY--PERSONAL NAME
Personal name Williams, Garth
Relator term illustrator
906 ## - LOCAL DATA ELEMENT F, LDF (RLIN)
a 7
b cbc
c oclcrpl
d u
e ncip
f 19
g y-gencatlg
942 ## - ADDED ENTRY ELEMENTS (KOHA)
Source of classification or shelving scheme Dewey Decimal Classification
Koha item type Books
Suppress in OPAC No
Holdings
Withdrawn status Lost status Source of classification or shelving scheme Damaged status Not for loan Collection Home library Current library Shelving location Date acquired Total Checkouts Full call number Barcode Date last seen Price effective from Koha item type
    Dewey Decimal Classification     Fiction Footprints International School Library Network Toul Kork Campus Footprints International School Library Network Toul Kork Campus A TK Campus, 4th Floor, Room B401, Fiction Bookcases (1-6) 02/08/2024   WHI Fic PZ7.W58277 FISTKG4B044 02/08/2024 02/08/2024 Books